000 00839nam a2200241 a 4500
999 _c11282
_d11282
001 11282
003 BD-JhCC
005 20190822085654.0
008 190621b 2016bg a|||| ||a| 000 0 ben d
020 _a9789849176527
035 _a(BD-JhCC)11282
040 _aBD-JhCC
_dBD-JhCC
041 _aben
082 _bHAQ 2016
_a928
100 _aহক, মুহাম্মদ লুৎফুল
245 _aমোহাম্মদ আলীর বাংলাদেশ বিজয় /
_cমুহাম্মদ লুৎফুল হক ।
260 _aঢাকা:
_bপ্রথমা প্রকাশন;
_c২০১৬.
300 _a১২৭ পৃ. :
_c২২ সেমি.
600 _aAli, Muhammad
_tমুষ্টিযোদ্ধা
650 _aBiography
942 _2ddc
_cBK